[Event "Gligoric Cup (Women) 10th"]
[Site "Paracin"]
[Date "2024.05.22"]
[Round "2.2"]
[White "Savic, Natasa"]
[Black "Krinulovic, Andjela"]
[Result "1-0"]
[WhiteElo "1651"]
[BlackElo "1585"]
[PlyCount "83"]
[EventDate "2024.05.21"]
[EventType "team-swiss"]
[EventRounds "5"]
[EventCountry "SRB"]
[SourceTitle "CB22_2024"]
[SourceDate "2024.05.29"]
[SourceVersion "1"]
[SourceVersionDate "2024.05.29"]
[SourceQuality "1"]
[WhiteTeam "Cuprija Radnicki (W)"]
[BlackTeam "Petrovac Sloga (W)"]
[WhiteTeamCountry "SRB"]
[BlackTeamCountry "SRB"]

1. e4 c6 2. Nf3 d5 3. d3 Bg4 4. Be2 e6 5. 0-0 Bd6 6. h3 Bh5 7. Re1 Nd7 8. b3 Qc7 9. exd5 cxd5 10. Bb2 Ngf6 11. Nc3 a6 12. a3 0-0 13. Nh4 Bxe2 14. Nxe2 Rac8 15. c4 dxc4 16. dxc4 b5 17. cxb5 axb5 18. Nd4 Bc5 19. b4 Bxd4 20. Qxd4 Qc4 21. Nf3 Qxd4 22. Nxd4 Rb8 23. Rac1 Nd5 24. Rc6 Nf4 25. Re3 Rfd8 26. Nf3 Nb6 27. Be5 Nfd5 28. Bxb8 Nxe3 29. fxe3 Rxb8 30. Nd2 Kf8 31. Kf2 Ke8 32. e4 Kd7 33. Rc5 Na4 34. Rc2 Rc8 35. Rxc8 Kxc8 36. Nf3 h6 37. Nd4 Nc3 38. Ke3 Nd1+ 39. Kd2 Nf2 40. Nxb5 Nxe4+ 41. Ke3 Ng5 42. h4 1-0

[Event "Pozarevac Rudar FM 02"]
[Site "Pozarevac"]
[Date "2024.02.14"]
[Round "9"]
[White "Ivkovic, Milos"]
[Black "Krinulovic, Andjela"]
[Result "1-0"]
[WhiteElo "1891"]
[BlackElo "1274"]
[PlyCount "93"]
[EventDate "2024.02.08"]
[EventType "schev"]
[EventRounds "10"]
[EventCountry "SRB"]
[SourceTitle "CB08_2024"]
[SourceDate "2024.02.21"]
[SourceVersion "1"]
[SourceVersionDate "2024.02.21"]
[SourceQuality "1"]
[WhiteTeam "Team A"]
[BlackTeam "Team B"]
[WhiteTeamCountry "SRB"]
[BlackTeamCountry "SRB"]

1. e4 c6 2. d4 d5 3. Nd2 dxe4 4. Nxe4 Bf5 5. Ng3 Bg6 6. Nf3 Nd7 7. Be2 Qc7 8. 0-0 e6 9. Nh4 Ngf6 10. c4 Be7 11. Re1 0-0 12. Nxg6 hxg6 13. Qb3 Rfe8 14. Be3 a6 15. Rac1 c5 16. Bf3 Rab8 17. Ne2 cxd4 18. Nxd4 Bc5 19. Qc3 e5 20. Nc2 Bxe3 21. Nxe3 e4 22. Be2 Rbc8 23. b4 Qe5 24. Qb3 a5 25. a3 axb4 26. axb4 Qe6 27. Qb2 Nb6 28. Red1 Qe5 29. Qb1 Red8 30. Qc2 Rxd1+ 31. Rxd1 Qc7 32. c5 Nbd7 33. Rc1 Qb8 34. Bb5 Ne5 35. h3 Rd8 36. Rd1 Rxd1+ 37. Qxd1 Qc7 38. Nd5 Nxd5 39. Qxd5 Kf8 40. Qxe4 Qe7 41. f4 Nc6 42. Bxc6 bxc6 43. Qxc6 Qe1+ 44. Kh2 Qxb4 45. Qc7 Qe4 46. c6 Qe7 47. Qb8+ 1-0

[Event "Pozarevac Rudar FM 02"]
[Site "Pozarevac"]
[Date "2024.02.10"]
[Round "3"]
[White "Tosic, Nebojsa"]
[Black "Krinulovic, Andjela"]
[Result "1-0"]
[WhiteElo "1944"]
[BlackElo "1274"]
[PlyCount "117"]
[EventDate "2024.02.08"]
[EventType "schev"]
[EventRounds "10"]
[EventCountry "SRB"]
[SourceTitle "CB08_2024"]
[SourceDate "2024.02.21"]
[SourceVersion "1"]
[SourceVersionDate "2024.02.21"]
[SourceQuality "1"]
[WhiteTeam "Team A"]
[BlackTeam "Team B"]
[WhiteTeamCountry "SRB"]
[BlackTeamCountry "SRB"]

1. e4 c6 2. d4 d5 3. e5 Bf5 4. g4 Bg6 5. h4 h6 6. e6 fxe6 7. Bd3 Bxd3 8. Qxd3 Qd6 9. Qg6+ Kd8 10. Rh3 e5 11. Qf7 Qf6 12. Rf3 Qxf7 13. Rxf7 Nf6 14. dxe5 Ke8 15. e6 Nxg4 16. Bf4 Nd7 17. b4 a5 18. c3 Nde5 19. Rf5 Nd3+ 20. Kd2 Ndxf2 21. Nf3 axb4 22. cxb4 Ne4+ 23. Kd3 Rd8 24. Nc3 g6 25. Rf7 Nd6 26. Bxd6 Rxd6 27. Rf4 h5 28. Re1 Bh6 29. Ng5 Bxg5 30. hxg5 Rf8 31. Rxf8+ Kxf8 32. Kd4 Nh2 33. Re3 h4 34. Rh3 Ng4 35. Rxh4 Nf6 36. Ke5 Nh5 37. Ne2 b6 38. Rh3 Ke8 39. Nf4 d4 40. Nxh5 Rd5+ 41. Ke4 gxh5 42. Rxh5 Kf8 43. a4 d3 44. Rh1 d2 45. Rd1 Rxg5 46. Rxd2 Rg4+ 47. Ke5 Rxb4 48. Rd8+ Kg7 49. Re8 Rxa4 50. Rxe7+ Kf8 51. Rb7 b5 52. Rc7 Rc4 53. Rb7 Rc1 54. Kd6 Rd1+ 55. Kxc6 b4 56. Rd7 Re1 57. Kd6 Rd1+ 58. Kc7 Rc1+ 59. Kd8 1-0

[Event "Pozarevac Rudar FM-B 01"]
[Site "Pozarevac"]
[Date "2024.02.03"]
[Round "4.1"]
[White "Krinulovic, Andjela"]
[Black "Milunovic, Toni"]
[Result "0-1"]
[WhiteElo "1250"]
[BlackElo "2117"]
[PlyCount "52"]
[EventDate "2024.01.31"]
[EventType "tourn"]
[EventRounds "10"]
[EventCountry "SRB"]
[SourceTitle "CB07_2024"]
[SourceDate "2024.02.14"]
[SourceVersion "1"]
[SourceVersionDate "2024.02.14"]
[SourceQuality "1"]
[WhiteTeam "TIeam B"]
[BlackTeam "TIeam A"]
[WhiteTeamCountry "SRB"]
[BlackTeamCountry "SRB"]

1. d4 g6 2. c4 Bg7 3. Nc3 c5 4. e3 d6 5. Nf3 Nc6 6. h3 Nh6 7. Be2 0-0 8. 0-0 cxd4 9. exd4 Nf5 10. d5 Ncd4 11. Nxd4 Nxd4 12. Bd3 a6 13. Rb1 Bd7 14. Bf4 b5 15. cxb5 axb5 16. a3 Rb8 17. Ne2 Nxe2+ 18. Qxe2 b4 19. Bc4 Bf5 20. Rbc1 bxa3 21. bxa3 Ra8 22. Rfe1 Ra7 23. a4 Qa8 24. Bb3 Rb8 25. Qc4 Rab7 26. Re3 Rb4 0-1

[Event "Pozarevac Rudar FM-B 01"]
[Site "Pozarevac"]
[Date "2024.02.01"]
[Round "2.3"]
[White "Krinulovic, Andjela"]
[Black "Popchev, Milko"]
[Result "0-1"]
[WhiteElo "1250"]
[BlackElo "2193"]
[PlyCount "28"]
[EventDate "2024.01.31"]
[EventType "tourn"]
[EventRounds "10"]
[EventCountry "SRB"]
[SourceTitle "CB07_2024"]
[SourceDate "2024.02.14"]
[SourceVersion "1"]
[SourceVersionDate "2024.02.14"]
[SourceQuality "1"]
[WhiteTeam "TIeam B"]
[BlackTeam "TIeam A"]
[WhiteTeamCountry "SRB"]
[BlackTeamCountry "SRB"]

1. d4 g6 2. c4 Bg7 3. Nc3 d6 4. Nf3 Nd7 5. e3 e5 6. d5 f5 7. e4 Nc5 8. Qc2 Nf6 9. Bg5 fxe4 10. Bxf6 Bxf6 11. Nxe4 Nxe4 12. Qxe4 Bf5 13. Qe2 0-0 14. b3 e4 0-1

[Event "Pozarevac Rudar FM-B 01"]
[Site "Pozarevac"]
[Date "2024.01.31"]
[Round "1.4"]
[White "Ivkovic, Milos"]
[Black "Krinulovic, Andjela"]
[Result "1-0"]
[WhiteElo "1891"]
[BlackElo "1250"]
[PlyCount "41"]
[EventDate "2024.01.31"]
[EventType "tourn"]
[EventRounds "10"]
[EventCountry "SRB"]
[SourceTitle "CB07_2024"]
[SourceDate "2024.02.14"]
[SourceVersion "1"]
[SourceVersionDate "2024.02.14"]
[SourceQuality "1"]
[WhiteTeam "TIeam A"]
[BlackTeam "TIeam B"]
[WhiteTeamCountry "SRB"]
[BlackTeamCountry "SRB"]

1. e4 c6 2. c4 d5 3. cxd5 cxd5 4. exd5 Nf6 5. Nc3 Nxd5 6. Bc4 Nxc3 7. bxc3 Bf5 8. Qf3 Qc8 9. Bb3 e6 10. Ne2 Be7 11. Nd4 Bg6 12. h4 h6 13. Qh3 Nc6 14. h5 Bh7 15. Nxc6 bxc6 16. 0-0 0-0 17. d4 c5 18. Qg4 Bf5 19. Qg3 Qb8 20. Bf4 Qd8 21. Bxh6 1-0

[Event "Pozarevac Rudar FM3 11"]
[Site "Pozarevac"]
[Date "2023.11.15"]
[Round "1.2"]
[White "Krinulovic, Andjela"]
[Black "Milunovic, Toni"]
[Result "0-1"]
[WhiteElo "1205"]
[BlackElo "2133"]
[PlyCount "26"]
[EventDate "2023.11.15"]
[EventType "schev"]
[EventRounds "10"]
[EventCountry "SRB"]
[SourceTitle "CB49_2023"]
[SourceDate "2023.12.06"]
[SourceVersion "1"]
[SourceVersionDate "2023.12.06"]
[SourceQuality "1"]
[WhiteTeam "Team A"]
[BlackTeam "Team B"]
[WhiteTeamCountry "SRB"]
[BlackTeamCountry "SRB"]

1. d4 Nf6 2. c4 e6 3. Nc3 Bb4 4. Bd2 d5 5. Nf3 c5 6. e3 0-0 7. a3 Bxc3 8. Bxc3 Ne4 9. Be2 Nxc3 10. bxc3 dxc4 11. Bxc4 Qc7 12. Qe2 cxd4 13. cxd4 b5 0-1

[Event "Pozarevac Rudar FM 11"]
[Site "Pozarevac"]
[Date "2023.11.05"]
[Round "8.1"]
[White "Rajkovic, Aleksandar"]
[Black "Krinulovic, Andjela"]
[Result "1-0"]
[WhiteElo "2119"]
[BlackElo "1205"]
[PlyCount "83"]
[EventDate "2023.10.30"]
[EventType "schev"]
[EventRounds "8"]
[EventCountry "SRB"]
[SourceTitle "CB46_2023"]
[SourceDate "2023.11.15"]
[SourceVersion "1"]
[SourceVersionDate "2023.11.15"]
[SourceQuality "1"]
[WhiteTeam "Team A"]
[BlackTeam "Team B"]
[WhiteTeamCountry "SRB"]
[BlackTeamCountry "SRB"]

1. e4 e6 2. d3 d5 3. Nd2 Nf6 4. e5 Nfd7 5. f4 c5 6. c3 Nc6 7. Ngf3 Be7 8. g3 0-0 9. Bh3 h6 10. 0-0 a6 11. a4 a5 12. Re1 Qb6 13. Kh1 Re8 14. Re2 d4 15. Ne4 f5 16. exf6 Nxf6 17. Qe1 Kf7 18. Ne5+ Nxe5 19. fxe5 Nxe4 20. Rxe4 Bd7 21. Bg2 Bc6 22. cxd4 Bxe4 23. Qxe4 Bg5 24. Bxg5 hxg5 25. Rf1+ Kg8 26. Qg6 Rf8 27. Rf6 Qxb2 28. Be4 Qc1+ 29. Kg2 Qd2+ 30. Kh3 g4+ 31. Kxg4 Rxf6 32. exf6 Qh6 33. Qxh6 gxh6 34. dxc5 Rc8 35. d4 Kf7 36. Bxb7 Rc7 37. c6 Kxf6 38. Kf4 Kf7 39. Ke5 Ke7 40. g4 Kd8 41. Kd6 Rf7 42. h4 1-0

[Event "Pozarevac Rudar FM 11"]
[Site "Pozarevac"]
[Date "2023.11.03"]
[Round "5.4"]
[White "Krinulovic, Andjela"]
[Black "Zivkovic, Momcilo"]
[Result "0-1"]
[WhiteElo "1205"]
[BlackElo "1987"]
[PlyCount "42"]
[EventDate "2023.10.30"]
[EventType "schev"]
[EventRounds "8"]
[EventCountry "SRB"]
[SourceTitle "CB46_2023"]
[SourceDate "2023.11.15"]
[SourceVersion "1"]
[SourceVersionDate "2023.11.15"]
[SourceQuality "1"]
[WhiteTeam "Team B"]
[BlackTeam "Team A"]
[WhiteTeamCountry "SRB"]
[BlackTeamCountry "SRB"]

1. d4 d5 2. c4 Bf5 3. Nc3 e6 4. Nf3 c6 5. Bf4 Bd6 6. Bg3 Bxg3 7. hxg3 h6 8. e3 Nf6 9. Be2 Nbd7 10. a3 0-0 11. cxd5 exd5 12. Rc1 Re8 13. b4 b5 14. a4 a6 15. a5 Re6 16. Nh4 Bh7 17. Bd3 Ne4 18. Bxe4 dxe4 19. d5 Rd6 20. Qb3 Ne5 21. f4 Nd3+ 0-1

[Event "Pozarevac Rudar FM 11"]
[Site "Pozarevac"]
[Date "2023.11.02"]
[Round "4.1"]
[White "Krinulovic, Andjela"]
[Black "Rajkovic, Aleksandar"]
[Result "0-1"]
[WhiteElo "1205"]
[BlackElo "2119"]
[PlyCount "84"]
[EventDate "2023.10.30"]
[EventType "schev"]
[EventRounds "8"]
[EventCountry "SRB"]
[SourceTitle "CB46_2023"]
[SourceDate "2023.11.15"]
[SourceVersion "1"]
[SourceVersionDate "2023.11.15"]
[SourceQuality "1"]
[WhiteTeam "Team B"]
[BlackTeam "Team A"]
[WhiteTeamCountry "SRB"]
[BlackTeamCountry "SRB"]

1. d4 d5 2. c4 c6 3. Nc3 Nf6 4. e3 a6 5. a4 e6 6. Nf3 Nbd7 7. Qc2 Bb4 8. Bd2 Qe7 9. b3 0-0 10. Be2 e5 11. dxe5 Nxe5 12. 0-0 Nxf3+ 13. Bxf3 dxc4 14. bxc4 Be6 15. Be2 Rad8 16. Rad1 Qc5 17. Ne4 Nxe4 18. Bxb4 Qxb4 19. Qxe4 Rxd1 20. Rxd1 Qxa4 21. Qd4 g6 22. Rb1 Qa5 23. h3 Qc7 24. c5 Rd8 25. Qb4 Rd7 26. g4 Qe5 27. Qb6 Bd5 28. Qb4 Qe4 29. Qxe4 Bxe4 30. Rb4 Bc2 31. Rb2 Ba4 32. Bc4 Rd1+ 33. Kg2 Rc1 34. Bb3 Bb5 35. Rc2 Rxc2 36. Bxc2 a5 37. Bb3 a4 38. Ba2 Be2 39. f4 Bd1 40. e4 Bb3 41. Bb1 a3 42. Kf3 a2 0-1

[Event "Gligoric Cup (Women) 9th"]
[Site "Paracin"]
[Date "2023.05.18"]
[Round "3.13"]
[White "Krinulovic, Andjela"]
[Black "Pogorelskikh, Sofia"]
[Result "0-1"]
[WhiteElo "1195"]
[BlackElo "2191"]
[PlyCount "38"]
[EventDate "2023.05.16"]
[EventType "team-swiss"]
[EventRounds "5"]
[EventCountry "SRB"]
[SourceTitle "CBM 215 Extra"]
[Source "ChessBase"]
[SourceDate "2023.09.30"]
[SourceVersion "1"]
[SourceVersionDate "2023.09.30"]
[SourceQuality "1"]
[WhiteTeam "Petrovac Sloga (W)"]
[BlackTeam "Nis Osnovac (W)"]
[WhiteTeamCountry "SRB"]
[BlackTeamCountry "SRB"]

1. d4 Nf6 2. c4 e6 3. Nc3 Bb4 4. Qc2 0-0 5. e3 d5 6. Nf3 b6 7. Be2 dxc4 8. Bxc4 Bb7 9. Be2 Nbd7 10. 0-0 Qe7 11. a3 Bxc3 12. bxc3 c5 13. Bb2 Rac8 14. dxc5 Nxc5 15. Rad1 Be4 16. Qd2 Rfd8 17. Qe1 Nd3 18. Qd2 Nxf2 19. Qe1 Nxd1 0-1